Szczegóły MARC21

Abraham J. (Abe) Briloff : a biography /

005 -DATA I CZAS OSTATNIEJ MODYFIKACJI [,]
    • @
    • pole kontrolne
    • 20141015152133.0
020 -Międzynarod. znormalizowany nr książki - ISBN [ , ]
    • a
    • Numer ISBN
    • 9781848555884 Find
040 -Instytucja sporządzająca opis [ , ]
    • a
    • Instytucja, która sporządziła opis (NP)
    • SZCZ U/JG
    • c
    • Instytucja, która sporządziła rekord (NP)
    • SZCZ U/JG
    • d
    • Instytucja, która zmodyfikowała rekord (P)
    • SZCZ U/ML
041 -Język dokumentu [0, ]
    • a
    • Język tekstu (P)
    • angielski
044 -Kraj miejsca wydania [ , ]
    • a
    • Kraj miejsca wydania
    • Wielka Brytania
942 -Rodzaj dokumentu [ , ]
    • c
    • Rodzaj dokumentu
    • Książka
100 -Hasło główne - nazwa osobowa [1, ]
    • 9
    • KHW
    • 74920
    • a
    • Nazwa osobowa (NP)
    • Criscione, E. Richard‏.
245 -Strefa tytułu i oznaczenia odpowiedzialności [1,0]
    • a
    • Tytuł
    • Abraham J. (Abe) Briloff : Find
    • b
    • Ciąg dalszy tytułu (NP)
    • a biography / Find
    • c
    • Pozostałe elementy strefy tytułu i oznaczenia odpowiedzialności (NP)
    • by E. Richard Criscione.
260 -Strefa adresu wydawniczego [ , ]
    • a
    • Miejsce wydania (P)
    • Bingley :
    • b
    • Nazwa wydawcy (P)
    • Emerald/JAI,
    • c
    • Data wydania (P)
    • 2009.
300 -Strefa opisu fizycznego [ , ]
    • a
    • Określenie formy książki i/lub objętość (NP)
    • XXI, 258 s. :
    • b
    • Oznaczenie ilustracji (NP)
    • il. ;
    • c
    • Format (NP)
    • 24 cm.
490 -Strefa serii i książki wielotomowej - forma nie do wyszukiwania [1, ]
    • a
    • Tytuł (P)
    • Studies in the Development of Accounting Thought, Find
    • x
    • ISSN (NP)
    • 1479-3504 ;
    • v
    • Numeracja (P)
    • vol. 11
830 -Hasło dodatkowe serii i opisu książki wielotomowej - tytuł ujednolicony/tytuł [ ,0]
    • 9
    • KHW
    • 74915
    • a
    • Tytuł ujednolicony/tytuł (NP)
    • Studies in the Development of Accounting Thought
    • x
    • ISSN
    • 1479-3504
    • v
    • Oznaczenie tomu (NP)
    • vol. 11
504 -Uwaga dot. bibliogr. załącznikowej [ , ]
    • a
    • Uwaga dot. bibliografii załącznikowej
    • Bibliogr. s. 254-256.
080 -Uniwersalna Klasyfikacja Dziesiętna [ , ]
    • 2
    • Identyfikator wydania tablic
    • UDC-P058
    • 9
    • UKD
    • 6953
    • a
    • Symbol klasyfikacji
    • 929-052A/Z
    • b
    • Dopowiedzenie
    • Biografie indywidualne.
    • 4
    • UKD2
    • 7644
    • x
    • Poddział wspólny
    • =111
    • c
    • Dopowiedzenie poddz. wspólnego
    • =Język angielski.
    • 4
    • UKD2
    • 8141
    • x
    • Poddział wspólny
    • (73)
    • c
    • Dopowiedzenie poddz. wspólnego
    • (Stany Zjednoczone Ameryki Północnej. USA).
    • 4
    • UKD2
    • 8606
    • x
    • Poddział wspólny
    • "19/20"
    • c
    • Dopowiedzenie poddz. wspólnego
    • Wiek XX/XXI.
080 -Uniwersalna Klasyfikacja Dziesiętna [ , ]
    • 2
    • Identyfikator wydania tablic
    • UDC-P058
    • 9
    • UKD
    • 5580
    • a
    • Symbol klasyfikacji
    • 657
    • b
    • Dopowiedzenie
    • Rachunkowość. Księgowość.
    • 4
    • UKD2
    • 7644
    • x
    • Poddział wspólny
    • =111
    • c
    • Dopowiedzenie poddz. wspólnego
    • =Język angielski.
980 -Symbol UKD [ , ]
    • a
    • UKD
    • 929-052(73)"19/20" Briloff A. J.:657]=111
920 -ISBN [ , ]
    • a
    • ISBN
    • 978-1-84855-588-4 Find
Lokalizacja Data inwentaryzacji Sygnatura Numer inwentarzowy Status udost.
T2014-04-16T.16275T.16275-2